000
00405nam a2200145Ia 4500
008
100122s9999 xx 000 0 und d
082
_b
19736
_a
823.08
100
_a
भावे पु भा
245
_a
ध्यास
260
_b
कॉटीनेंटल बुक सर्व्हीस
_c
1973
300
_a
148
630
_a
ध्यास
730
_a
ध्यास
942
_c
BOOK
999
_c
408688
_d
408685